| 000 | 00588nam a2200193 a 4500 | ||
|---|---|---|---|
| 005 | 20240920064533.0 | ||
| 008 | 991125s1974 fr 000 0 fre u | ||
| 035 | _aUPN01000000687 | ||
| 049 | _aCG | ||
| 050 | 4 |
_aLB1591 _bC5.2 |
|
| 100 | 1 | _aClero, Claude | |
| 245 | 1 | 4 |
_aLes activités plastiques : _bpour l'école et les loisirs / _cpar Claude Clero ; préf. Robert Gloton. |
| 260 |
_aParís : _bA. Colin, _cc1974. |
||
| 300 |
_a143 p. : _bil. |
||
| 440 | 0 |
_aPratique pédagogique ; _v14 |
|
| 650 | 7 |
_aActividades creativas _2 _9137 |
|
| 650 | 4 |
_aEducación _zFrancia _911558 |
|
| 905 | _aLibro | ||
| 999 |
_c687 _d687 |
||